Normal view MARC view
  • Engineering economy.

Entry Topical Term

Number of records used in: 1

001 - CONTROL NUMBER

  • control field: 36209

003 - CONTROL NUMBER IDENTIFIER

  • control field: NUST

005 - DATE AND TIME OF LATEST TRANSACTION

  • control field: 20210312154701.0

008 - FIXED-LENGTH DATA ELEMENTS

  • fixed length control field: 210312|| aca||aabn | a|a d

040 ## - CATALOGING SOURCE

  • Original cataloging agency: NUST
  • Transcribing agency: NUST

150 ## - HEADING--TOPICAL TERM

  • Topical term or geographic name entry element: Engineering economy.
  • Topical term following geographic name entry element: NUST

670 ## - SOURCE DATA FOUND

  • Source citation: Work cat.: (NUST)1470: Newnan, Donald G. 24913, Engineering economic analysis /, c2000.
© 2023 Central Library, National University of Sciences and Technology. All Rights Reserved.